LEADER 01335nam a2200325 a 4500 001 000000139312 003 CaOOAMICUS 005 20140721121922.0 008 140721s2001 it u000 u ita r 020 $a88-315-2175-6 040 $aPUL$bita 082 04$a155 100 1 $aBassanetti, Andreana.$0(OLS)http://pul/name/86168 245 13$aIl bene pił grande :$bstoria di Camilla /$cAndreana Bassanetti ; prefazione di Innocenzo Gargano. 260 $aMilano :$bPaoline,$c©2001. 300 $a169 p. ;$c20 cm 490 1 $aFigli in cielo ;$v01 504 $aBibliografia in nota. 650 4$aMorte$xAspetti psicologici.$0(OLS)http://pul/subject/23689 650 4$aMorte$xAspetti religiosi.$0(OLS)http://pul/subject/4358 700 1 $aGargano, Innocenzo.$0(OLS)http://pul/name/24343 830 0$aFigli in cielo ;$v01.$0(OLS)http://pul/title/169065 850 $aPUL 852 $aPUL$W1$xDP2 Filosofia 3$y112$m155 BASAN 2$j160914$qDDC 21$B160349$CPULBib$Z2$F160349 $H102388 $82 941 1 $a9 996 $6020$a88-315-2175-6$9(OLS)http://pul/number/155770 996 $6082$a155$9(OLS)http://pul/classification/694 996 $6245$aIl bene pił grande :$bstoria di Camilla$9(OLS)http://pul/title/176361 996 $6260$aMilano :$bPaoline$9(OLS)http://pul/publisher/60808 LEADER 01288nam a2200313 a 4500 001 000000172756 003 CaOOAMICUS 005 20191008182830.0 008 191008s2011 it 000 u ita r 020 $a978-88-430-6031-3* 032 $aLibriCat 040 $aPUL$bita 082 04$a510.1 100 1 $aPlebani, Matteo.$0(OLS)http://pul/name/110946 245 10$aIntroduzione alla filosofia della matematica / $cMatteo Plebani. 260 $aRoma :$bCarocci,$c©2011. 300 $a174 p. ;$c22 cm. 490 1 $aStudi superiori. Filosofia ;$v644 504 $aBibliografia alle p. 163-171. 650 4$aMatematica$xFilosofia.$0(OLS)http://pul/subject/20379 830 0$aStudi superiori (Carocci).$pFilosofia ;$v644.$0(OLS)http://pul/title/160097 850 $aPUL 852 $aPUL$W1$xSL Cons. Gen., Altre Classi 3$y75$m510. 1 PLEMA 1$j196699$b1. ristampa 2018$qDDC 21$B201475$CPULBib$Z2$F201475 $H133519 $81 941 1 $a9 996 $6020$a978-88-430-6031-3*$9(OLS)http://pul/number/166809 996 $6082$a510.1$9(OLS)http://pul/classification/3249 996 $6245$aIntroduzione alla filosofia della matematica / $9(OLS)http://pul/title/213772 996 $6260$aRoma :$bCarocci$9(OLS)http://pul/publisher/66917